Kanye Lyrics (Updated 2024) - Statistics

General Stats
  • This quiz has been taken 122 times
  • The average score is 7 of 15
Answer Stats
Hint Answer % Correct
This that game of Thrones, Yeezy not the clonesElon, where my rocket ship, its time to go home Carnival
80%
Me and my mama hopped in that U-haul van Any pessimists, I ain't talk to them Touch the Sky
71%
Bought more jewerly, more Louis VMy mama couldn't get through to me Can't Tell Me Nothing
67%
You don't see just how wild the crowd is You don't see just how fly my style is? Champion
65%
Every agent I know, know I hate agents No More Parties in LA
64%
The plan was to drink until the pain overBut whats worse, the pain or the hangover? Dark Fantasy
63%
Beautiful big t*tty but naked woman don't just fall out the sky you know? Tell me how you know Back To Me
57%
You know that one auntie, you don't mean to be rudeBut every holiday nobody eating her food Family Business
48%
Bought an alligator, I ain't talkin Lacoste 4th Dimension
47%
Why would she make calls out the blue?Now i'm awake sleep less in June Say You Will
20%
Let me know what these h*es costI ain't finna pay the whole cost Do It
19%
I ain't dropped the album but the shoes went platinum Facts
19%
Pink ass Polos with a f*cking backpack but everybody know you brought real rap back I Am a God
18%
At the tender age of 6, she was arrested for the sit-insAnd with that in m blood,I was born to be different Never Let Me Down
14%
I gave you my loyalty, made you royalty and royalties Why I Love You
2%
No matching quizzes found
Score Distribution
Percent of People with Each Score
Percentile by Number Answered
Your Score History
You have not taken this quiz